| 000 | 00336 a2200133 4500 | ||
|---|---|---|---|
| 001 | 153892 | ||
| 040 | _cEscola São Tomás de Aquino | ||
| 240 | 1 | 0 |
_aQuem está escondido na floresta? _lpor |
| 245 | 1 | 0 | _aQuem está escondido na floresta? |
| 362 | 0 | _a2007 | |
| 440 | 1 | _aCiranda Cultural | |
| 697 | _a*LITERATURA INFANTIL | ||
| 942 | _cBK | ||
| 999 |
_c153892 _d153892 |
||